Kybernetika

Gespeichert in:
Bibliographische Detailangaben
Format: Schriftenreihe
Veröffentlicht: 1978
Tags: Tag hinzufügen
Keine Tags, Fügen Sie das erste Tag hinzu!

MARC

LEADER 00000nas a22000003a 4500
001 stu67384
005 20141121234210.3
008 011106s1978----------------------------d
040 |a STU  |b slo 
041 0
245 |a Kybernetika 
260 |c 1978 
500 |a 1-6 
500 |a 6 
500 |a 1978 
773 0 |t Kybernetika :  |w stu_us_cat*stu58935  |x 0023-5954  |7 nnas 
996 |d Vol. 14, 1978  |v Vol. 14  |y 1978  |l II680  |s A  |a 24  |w stu67384_0002